000
00225 a2200097 4500
001
30498
100
_a
Penn, D
245
_a
Test for understanding of English
260
_a
London
_b
Macmillan and Co
_c
090
_c
20432
_d
20432
942
_a
NUST-CAE
_c
M
_c
11595
999
_c
265571
_d
265571